00562nai a2200157Ia 4500003000900000008004100009022002200050022002300072040001600095245005600111260005800167310001100225362002500236521006900261856007400330IN-BaIIA211028c9999 xx s 000 0 eng d a1575-5460 (Print) a1662-3592 (Online) cIIA Library 0aQualitative Theory of Dynamical Systemsh[eJournal] aBasel, SwitzerlandbSpringer International Publishing a3/year a1(1); 1999 - Present bSubscribed through National Knowledge Resource Consortium (NKRC) uhttps://www.springer.com/journal/12346yClick Here to Access eJournal